Every country without the colour red in it's flag - Statistics

General Stats
  • This quiz has been taken 30 times
  • The average score is 32 of 46
Answer Stats
Hint Answer % Correct
South America Argentina
88%
South America Brazil
88%
North America Barbados
83%
Europe Greece
83%
Asia India
83%
Europe Sweden
83%
Asia Bhutan
79%
North America Jamaica
79%
Oceania Palau
79%
Europe Ukraine
79%
North America Bahamas
75%
Europe Estonia
75%
Europe Finland
75%
Europe Ireland
75%
Oceania Marshall Islands
75%
Oceania Nauru
75%
North America Nicaragua
75%
Europe San Marino
75%
North America St Lucia
75%
South America Uruguay
75%
Africa Botswana
71%
North America Guatemala
71%
Asia Kazakhstan
71%
Asia Pakistan
71%
Asia Saudi Arabia
71%
Oceania Solomon islands
71%
North America St Vincent and the Grenadines
71%
Europe Vatican City
71%
North America El Salvador
67%
North America Honduras
67%
Asia Israel
67%
Oceania Micronesia
67%
Asia Afghanistan
63%
Europe Bosnia and Herzegovina
63%
Africa Gabon
63%
Africa Niger
63%
Africa Nigeria
63%
Africa Somalia
63%
Africa Ivory Coast
58%
Africa Sierra Leone
58%
Asia Sri Lanka
58%
Africa Lesotho
50%
Asia Qatar
50%
Africa Rwanda
50%
Europe Cyprus
46%
Africa Tanzania
42%
No matching quizzes found
Score Distribution
Percent of People with Each Score
Percentile by Number Answered
Your Score History
You have not taken this quiz